Home Print Resources E-Books E-Journals IIMT Lecture Series Library Membership Form Book Recommendation Form Campus Tour Take AdmissionAbout Us Contact Us

Physical & Drill Training for Child (Record no. 27739)

000 -LEADER
fixed length control field 00235nam a2200097Ia 4500
008 - FIXED-LENGTH DATA ELEMENTS--GENERAL INFORMATION
fixed length control field 170620s9999 xx 000 0 und d
100 ## - MAIN ENTRY--PERSONAL NAME
Personal name Jain.Deepak
245 #0 - TITLE STATEMENT
Title Physical & Drill Training for Child
260 ## - PUBLICATION, DISTRIBUTION, ETC.
Name of publisher, distributor, etc. New delhi.Khel.S.k
260 ## - PUBLICATION, DISTRIBUTION, ETC.
Date of publication, distribution, etc. 2004
300 ## - PHYSICAL DESCRIPTION
Extent 298
Holdings
Withdrawn status Lost status Source of classification or shelving scheme Damaged status Not for loan Home library Current library Date acquired Total Checkouts Barcode Date last seen Price effective from Koha item type
          IIMT University College of Education-B.P.Ed IIMT University College of Education-B.P.Ed 07/03/2017   17-B-2347 07/03/2017 07/03/2017 Text-Book- for 7 days
          IIMT University College of Education-B.P.Ed IIMT University College of Education-B.P.Ed 07/03/2017   17-B-2348 07/03/2017 07/03/2017 Text-Book- for 7 days
          IIMT University College of Education-B.P.Ed IIMT University College of Education-B.P.Ed 07/03/2017   17-B-2349 07/03/2017 07/03/2017 Text-Book- for 7 days
          IIMT University College of Education-B.P.Ed IIMT University College of Education-B.P.Ed 07/03/2017   17-B-2350 07/03/2017 07/03/2017 Text-Book- for 7 days
          IIMT University College of Education-B.P.Ed IIMT University College of Education-B.P.Ed 07/03/2017   17-B-2351 07/03/2017 07/03/2017 Text-Book- for 7 days
IIMT, Central Library. All Rights Reserved IIMT,UNIVERSITY © 2023
Implemented and Customised by I CLOUDE EMS
You Are OPAC Visitor No
free web counter

Powered by Koha